| 000 | 00573nam a2200193Ia 4500 | ||
|---|---|---|---|
| 003 | GCL | ||
| 005 | 20240530101901.0 | ||
| 008 | 140319s9999 xx 000 0 ara d | ||
| 040 |
_aGCL / _cGCL |
||
| 082 | 0 | 4 |
_a923.1 _bق/ر ع |
| 100 | 1 | _aرشاد كامل | |
| 245 | 1 | 0 |
_aعبدالناصر الذى لا تعرفه / _cرشاد كامل |
| 260 |
_aالقاهرة : _bالجداوى للنشر |
||
| 300 | _a220 ص | ||
| 650 | 0 | 4 | _aالاسرة والاصدقاء |
| 650 | 0 | 4 | _aالنكت والاهاجى |
| 650 | 0 | 4 | _aجمال عبدالناصر |
| 942 |
_2ddc _cBK |
||
| 999 |
_c28445 _d28445 |
||